| 000 | 00509nam a2200193Ia 4500 | ||
|---|---|---|---|
| 005 | 20250522104342.0 | ||
| 008 | 008 250516s9999 xx 000 0 eng d | ||
| 020 | _a9781526628237 | ||
| 040 |
_aSDCL _beng _cSDCL |
||
| 041 |
_aeng _2eng |
||
| 084 |
_aO-,3MAA, R4 LR _qSDCL |
||
| 100 | _aMaas, Sarah j. | ||
| 245 | 0 |
_aHouse of Flame and Shadow : _bA Crescent City Novel |
|
| 260 |
_aNew Delhi: _bBloomsbury, _c2024. |
||
| 300 | _a834p. | ||
| 365 |
_aINR _b899 |
||
| 650 | _aReference | ||
| 942 | _cTEXL | ||
| 999 |
_c1430043 _d1430043 |
||